| 000 | 00732nam a2200265Ia 4500 | ||
|---|---|---|---|
| 001 | 18446 | ||
| 003 | GE_BSU | ||
| 008 | 181216s||||||||xx |||||||||||||| ||und|| | ||
| 020 | _a9781852525873 | ||
| 040 | _cGE_BSU | ||
| 080 | _a005.8 | ||
| 100 | _aHopson, Barrie. Scally,Mike | ||
| 245 | _aBuild your own rainbow | ||
| 245 | 2 | _bA workbook for career and life management | |
| 250 | _a4 edition | ||
| 260 | _aHarrogate | ||
| 260 | _bLifeskills International Ltd. | ||
| 260 | _c2009 | ||
| 300 | _a175p.29 cm. | ||
| 653 | _aA workbook for career and life management | ||
| 653 | _aBuild your own rainbow | ||
| 653 | _aკარიერა, მართვა. | ||
| 653 | _aმენეჯმენტი | ||
| 942 | _cBK | ||
| 999 |
_c51460 _d51460 |
||